UNIVERSAL'S SHORT ESSAYS & PARAGRAPHS ON LAW INCLUDING LEGAL PERSONALITIES FOR COMPETITIVE EXAMINATIONS (Record no. 60143)
[ view plain ]
| 000 -LEADER | |
|---|---|
| fixed length control field | 00517nam a22001817a 4500 |
| 003 - CONTROL NUMBER IDENTIFIER | |
| control field | OSt |
| 005 - DATE AND TIME OF LATEST TRANSACTION | |
| control field | 20230914105713.0 |
| 020 ## - INTERNATIONAL STANDARD BOOK NUMBER | |
| International Standard Book Number | 978-93-5035-960-0 |
| 040 ## - CATALOGING SOURCE | |
| Transcribing agency | LCC |
| 100 ## - MAIN ENTRY--PERSONAL NAME | |
| Personal name | ARORA, MANISH |
| 245 ## - TITLE STATEMENT | |
| Title | UNIVERSAL'S SHORT ESSAYS & PARAGRAPHS ON LAW INCLUDING LEGAL PERSONALITIES FOR COMPETITIVE EXAMINATIONS |
| 250 ## - EDITION STATEMENT | |
| Edition statement | 12TH EDITION |
| 260 ## - PUBLICATION, DISTRIBUTION, ETC. | |
| Place of publication, distribution, etc. | NEW DELHI |
| Name of publisher, distributor, etc. | UNIVERSAL LAW PUBLISHING |
| Date of publication, distribution, etc. | 2017 |
| 300 ## - PHYSICAL DESCRIPTION | |
| Extent | XII, 162P. |
| 500 ## - GENERAL NOTE | |
| General note | INCLUDES INDEX |
| 600 ## - SUBJECT ADDED ENTRY--PERSONAL NAME | |
| Source of heading or term | LEGAL LAW-EXAMINATIONS |
| 942 ## - ADDED ENTRY ELEMENTS (KOHA) | |
| Source of classification or shelving scheme | Library of Congress Classification |
| Koha item type | Long Loan Book |
| Suppress in OPAC | No |
| Withdrawn status | Lost status | Source of classification or shelving scheme | Damaged status | Not for loan | Collection | Home library | Current library | Date acquired | Inventory number | Total checkouts | Full call number | Barcode | Date last seen | Copy number | Price effective from | Koha item type |
|---|---|---|---|---|---|---|---|---|---|---|---|---|---|---|---|---|
| Library of Congress Classification | Law | Kisii University Library | Kisii University Library | 09/14/2023 | 103071 | K 230 .A76 2017 | 000000000266 | 09/14/2023 | 1 | 09/14/2023 | Long Loan Book | |||||
| Library of Congress Classification | Law | Kisii University Library | Kisii University Library | 09/14/2023 | 103072 | K 230 .A76 2017 | 000000000265 | 09/14/2023 | 2 | 09/14/2023 | Long Loan Book |